Postavenie SR v EÚ 10 rokov po vstupe

Desaťročná bilancia členstva našej krajiny v EÚ. Vybrané ukazovatele verejných financií (2013-2015) podľa zdrojov IFP MF SR. Život nad pomery a sociálny štát. Porovnanie daňovej medzery v krajinách EÚ. Výška minimálnej mzdy v európskych krajinách. Výdavky na vedu a výskum v štátoch OECD v roku 2012.

Enregistré dans:
Détails bibliographiques
Auteur principal: Pavelka, Ľuboš, 1962-
Format: Chapitre de livre
Langue:slovaque
Sujets:
Tags: Ajouter un tag
Pas de tags, Soyez le premier à ajouter un tag!

MARC

LEADER 00000naa$a2200000$$$4500
001 0183039
005 20240502073129.8
041 0 |a slo 
044 |a SK 
245 1 0 |a Postavenie SR v EÚ 10 rokov po vstupe  |c Ľuboš Pavelka 
520 |a Desaťročná bilancia členstva našej krajiny v EÚ. Vybrané ukazovatele verejných financií (2013-2015) podľa zdrojov IFP MF SR. Život nad pomery a sociálny štát. Porovnanie daňovej medzery v krajinách EÚ. Výška minimálnej mzdy v európskych krajinách. Výdavky na vedu a výskum v štátoch OECD v roku 2012. 
610 2 0 |a Európska únia 
610 2 0 |a Slovensko 
610 2 0 |a štát sociálny 
610 2 0 |a dlhy verejné 
610 2 0 |a mzdy minimálne 
610 2 0 |a výdavky 
610 2 0 |a veda 
100 1 |a Pavelka, Ľuboš, 1962-